书目信息 |
| 题名: |
世界城市景观
|
|
| 作者: | 薛健 著 | |
| 分册: | ||
| 出版信息: | 北京 中国建筑工业出版社 2003.12 |
|
| 页数: | 202页 | |
| 开本: | 29cm | |
| 丛书名: | 世界园林、建筑与景观丛书 | |
| 单 册: | ||
| 中图分类: | TU984.11-64 | |
| 科图分类: | ||
| 主题词: | 城市规划 | |
| 电子资源: | ||
| ISBN: | 7-112-05527-X | |
| 000 | 00633nam0 2200217 45 | |
| 001 | 0441073636 | |
| 005 | 2004070611243363 | |
| 010 | @a7-112-05527-X@dCNY 130.00 | |
| 100 | @a20040706d2003 km y0chiy0120 ea | |
| 101 | 0 | @achi |
| 102 | @aCN@b110000 | |
| 200 | 1 | @a世界城市景观@Ashi jie cheng shi jing guan@f薛健著@Fxue jian zhu |
| 210 | @a北京@c中国建筑工业出版社@d2003.12 | |
| 215 | @a202页@d29cm | |
| 225 | 2 | @a世界园林、建筑与景观丛书 |
| 410 | 0 | @12001 @a世界园林、建筑与景观丛书 |
| 606 | 0 | @a城市规划 |
| 690 | 1 | @aTU984.11-64@v4 |
| 701 | 0 | @a薛健@Axue jian@4著 |
| 801 | 0 | @aCN@bPFT@c20040706 |
| 905 | @a10447@dTU984.11-64@eX953 | |
| 世界城市景观/薛健著.-北京:中国建筑工业出版社,2003.12 |
| 202页;29cm.-(世界园林、建筑与景观丛书) |
| ISBN 7-112-05527-X:CNY 130.00 |
| ● |
| 相关链接 |
|
|
|
正题名:世界城市景观
索取号:TU984.11-64/X953
 
预约/预借
| 序号 | 登录号 | 条形码 | 馆藏地/架位号 | 状态 | 备注 |
| 1 | 385493 | 203854935 | 建筑库201/201建筑库 63排1列2层/ [索取号:TU984.11-64/X953] | 在馆 | |
| 2 | 385494 | 203854944 | 建筑库201/201建筑库 63排1列2层/ [索取号:TU984.11-64/X953] | 在馆 |